• 首页
  • 本馆介绍
  • 公告通知
  • 最新文献
  • 馆藏检索
  • 电子资源
  • 读者导购
  • 参考咨询
  • 我的图书馆
  • 登录
  • 详细信息显示
  • 放入我的书架
  • 预约/预借图书
  • 作者相关作品
  • 分类相关作品
  • 丛书相关作品
  • 出版社相关作品

书目信息

  • 表格格式
  • 工作单格式
  • 卡片格式
题名:
人工智能与大数据
    
 
作者: 周志华 著 ;王俊峰 , 马立新 译
分册: 卷1   基础概念和模型
出版信息: 北京   人民邮电出版社  2022
页数: 289页
开本: 23cm
丛书名:
单 册:
中图分类: TP18 , TP274
科图分类:
主题词: 人工智能 , 数据处理
电子资源:
ISBN: 978-7-115-57575-3
000 01336nam0 2200289 450
001 2250406867
005 20221001140044.09
010    @a978-7-115-57575-3@dCNY119.90
100    @a20220614d2022 em y0chiy50 ea
101 1  @achi@ceng
102    @aCN@b110000
105    @aa z 000yy
200 1  @a人工智能与大数据@9ren gong zhi neng yu da shu ju@h卷1@i基础概念和模型@dArtificial intelligence, analytics and data science@hVolume 1@iCore concepts and models@f(新加坡)周志华(Chew Chee Hua)著@g王俊峰,马立新译@zeng
210    @a北京@c人民邮电出版社@d2022
215    @a289页@c图@d23cm
305    @a由圣智学习出版公司授权出版
330    @a本书介绍了人工智能和大数据涉及的核心概念和模型。书中涉及概念包括监督学习、非监督学习、数据结构、可视化、线性回归、逻辑回归、回归树、神经网络等。同时,本书理论和实践并重,基于真实的实例和数据集,引入了R语言演示实际计算和操作,为读者展示解决实际问题的代码,从而让读者掌握在实际生活中解决相关问题的方法。
510 1  @aArtificial intelligence, analytics and data science@hVolume 1@iCore concepts and models@zeng
606 0  @a人工智能
606 0  @a数据处理
690    @aTP18@v5
690    @aTP274@v5
701  0 @c(新加坡)@a周志华@9zhou zhi hua@4著
702  0 @a王俊峰@9wang jun feng@4译
702  0 @a马立新@9ma li xin@4译
801  0 @aCN@b91MARC@c20220617
905    @aZUCC@dTP18@e117:1
    
    人工智能与大数据.卷1.基础概念和模型=Artificial intelligence, analytics and data science.Volume 1.Core concepts and models/(新加坡)周志华(Chew Chee Hua)著/王俊峰,马立新译.-北京:人民邮电出版社,2022
    289页:图;23cm
    
    
    ISBN 978-7-115-57575-3:CNY119.90
    本书介绍了人工智能和大数据涉及的核心概念和模型。书中涉及概念包括监督学习、非监督学习、数据结构、可视化、线性回归、逻辑回归、回归树、神经网络等。同时,本书理论和实践并重,基于真实的实例和数据集,引入了R语言演示实际计算和操作,为读者展示解决实际问题的代码,从而让读者掌握在实际生活中解决相关问题的方法。
●
相关链接 在五车中查询图书 在当当中查询图书 在豆瓣中查询图书


正题名:人工智能与大数据     索取号:TP18/117:1         预约/预借

序号 登录号 条形码 馆藏地/架位号 状态 备注
1 2000910370   2000910370   第三书库/ [索取号:TP18/117:1] 在馆    
2 2000910371   2000910371   第三书库/ [索取号:TP18/117:1] 在馆    
3 2000910372   2000910372   第三书库/ [索取号:TP18/117:1] 在馆    
山东省滨州职业学院图书馆 欢迎您!
大连网信软件有限公司© 版权所有